[Event "WSTT 50+"]
[Site "?"]
[Date "2018.07.10"]
[Round "4.4"]
[White "Hughes, Anthony"]
[Black "Limpert, Michael"]
[Result "1/2-1/2"]
[WhiteElo "1909"]
[BlackElo "2159"]
[PlyCount "28"]

1. d4 d5 2. Nf3 Nf6 3. c4 c6 4. Nc3 e6 5. e3 Nbd7 6. b3 Be7 7. Bb2 b6 8. Bd3 c5
9. O-O O-O 10. Qe2 Bb7 11. Rac1 Ne4 12. cxd5 exd5 13. Rfd1 cxd4 14. Nxd4 Nxc3
1/2-1/2

[Event "WSTT 50+"]
[Site "?"]
[Date "2018.07.09"]
[Round "3.3"]
[White "Hughes, Anthony"]
[Black "Wolff, Peter"]
[Result "1/2-1/2"]
[WhiteElo "1909"]
[BlackElo "1894"]
[PlyCount "51"]

1. d4 d5 2. Nf3 Nf6 3. c4 c6 4. Nc3 e6 5. Qd3 Nbd7 6. g3 Bd6 7. Bg2 O-O 8. O-O
Re8 9. Re1 h6 10. b3 e5 11. e4 dxe4 12. Nxe4 Nxe4 13. Qxe4 Nf6 14. Qe3 exd4 15.
Qxd4 Rxe1+ 16. Nxe1 Qe7 17. Bb2 Bc5 18. Qf4 Ng4 19. Nd3 Bd6 20. Qd4 Nf6 21. Re1
Be6 22. f4 Qc7 23. Kh1 Bf8 24. Ne5 Qa5 25. Bc3 Qb6 26. Rd1 1/2-1/2

[Event "WSTT 50+"]
[Site "?"]
[Date "2018.07.08"]
[Round "2.4"]
[White "Morcom, Huw"]
[Black "Haentsch, Ralf"]
[Result "0-1"]
[WhiteElo "1921"]
[BlackElo "2085"]
[PlyCount "80"]

1. Nf3 b5 2. e4 Bb7 3. Bxb5 Bxe4 4. Nc3 Bb7 5. d4 Nf6 6. O-O e6 7. Bg5 Be7 8.
Re1 O-O 9. Bd3 d5 10. Ne5 Nbd7 11. Qf3 c5 12. Nxd7 Nxd7 13. Bxe7 Qxe7 14. Nxd5
Qd6 15. Ne7+ Qxe7 16. Qxb7 Rfb8 17. Qe4 Nf6 18. Qe5 Rxb2 19. dxc5 Qb7 20. c6
Qb6 21. h3 Rc8 22. Red1 Rxc6 23. a4 a5 24. Bb5 Rcxc2 25. Qe3 Qc7 26. Rac1 g6
27. Rxc2 Rxc2 28. Qd4 Nd5 29. Bd3 Rc1 30. Rxc1 Qxc1+ 31. Bf1 Qf4 32. Qd1 Qb4
33. Bb5 h5 34. Bc6 Nc3 35. Qa1 Qb1+ 36. Qxb1 Nxb1 37. Kf1 Nc3 38. Ke1 Kf8 39.
Kd2 Nd5 40. Kd3 Nb4+ 0-1

[Event "WSTT 50+"]
[Site "?"]
[Date "2018.07.09"]
[Round "3.4"]
[White "Theuer, Carsten"]
[Black "Morcom, Huw"]
[Result "1/2-1/2"]
[WhiteElo "2027"]
[BlackElo "1921"]
[PlyCount "70"]

1. e4 c5 2. Nf3 d6 3. d4 cxd4 4. Nxd4 Nf6 5. Nc3 a6 6. Be2 e5 7. Nf3 h6 8. h3
Be6 9. Be3 Nbd7 10. Qd2 Be7 11. a3 Rc8 12. Nh2 Nb6 13. f3 Nc4 14. Bxc4 Bxc4 15.
b3 Be6 16. Na4 Nd7 17. O-O b5 18. Nb2 Nf6 19. a4 d5 20. exd5 Nxd5 21. Bf2 Qc7
22. c4 bxc4 23. Nxc4 Bc5 24. Ng4 Bxf2+ 25. Nxf2 O-O 26. Qe2 Nf4 27. Qxe5 Qxe5
28. Nxe5 Bxb3 29. a5 Rfe8 30. Rfe1 Rc5 31. Nfd3 Nxd3 32. Nxd3 Rxe1+ 33. Nxe1
Kf8 34. Kf2 Ke7 35. Ke3 Kd7 1/2-1/2

[Event "WSTT 50+"]
[Site "?"]
[Date "2018.07.11"]
[Round "4.4"]
[White "Dietze, Frank"]
[Black "Morcom, Huw"]
[Result "1-0"]
[WhiteElo "2071"]
[BlackElo "1921"]
[PlyCount "161"]

1. d4 Nf6 2. c4 c5 3. d5 b5 4. cxb5 a6 5. bxa6 Bxa6 6. Nc3 d6 7. Nf3 g6 8. g3
Bg7 9. Bg2 O-O 10. Rb1 Nbd7 11. O-O Qc7 12. b3 Rfb8 13. Qd2 Rb7 14. Bb2 Qb8 15.
Rfc1 Nb6 16. Ba1 Nc8 17. h3 Na7 18. Qd1 Nb5 19. Nxb5 Bxb5 20. a4 Bd7 21. Nd2
Bh6 22. f4 Nh5 23. Kh2 Bg7 24. Bxg7 Nxg7 25. e4 Rb4 26. Nc4 Bc8 27. g4 Ba6 28.
Bf1 Qc7 29. Qf3 Bc8 30. Qc3 Ne8 31. Bg2 Nf6 32. e5 Ne8 33. Re1 Ba6 34. Bf1 Bb7
35. Red1 Qd7 36. Bg2 Nc7 37. exd6 exd6 38. Qf6 Ne8 39. Qh4 Qd8 40. Qxd8 Rxd8
41. Kg3 Ba6 42. Na5 Rd7 43. Nc6 Rb6 44. a5 Rbb7 45. b4 cxb4 46. Nxb4 Ra7 47.
Nc6 Ra8 48. Rb8 Rxb8 49. Nxb8 Ra7 50. Nc6 Ra8 51. Rb1 Kf8 52. Rb4 Nc7 53. g5
Ke8 54. Re4+ Kf8 55. Re7 Nb5 56. h4 Nd4 57. Rc7 Nf5+ 58. Kh3 Ne3 59. Ra7 Rxa7
60. Nxa7 Nxg2 61. Kxg2 Bc4 62. Kf2 Bxd5 63. Nc8 Ke8 64. Nxd6+ Kd7 65. Nb5 Kc6
66. Nc3 Bc4 67. Ke3 Kc5 68. Ke4 Kb4 69. Nd5+ Kxa5 70. Nf6 Kb6 71. Ke5 Kc6 72.
Nxh7 Kd7 73. Kf6 Ke8 74. Kg7 Be6 75. Nf6+ Ke7 76. h5 gxh5 77. Nxh5 Bf5 78. Ng3
Be6 79. f5 Bb3 80. f6+ Ke6 81. g6 1-0

[Event "WSTT 50+"]
[Site "?"]
[Date "2018.07.07"]
[Round "1.3"]
[White "Fletcher, John T"]
[Black "Jhunjhnulawa, Ramesh"]
[Result "1-0"]
[WhiteElo "1943"]
[BlackElo "2260"]
[Annotator "Fletcher,John"]
[PlyCount "63"]

1. d4 d5 2. e4 dxe4 3. Nc3 Nf6 4. f3 exf3 5. Nxf3 Bg4 6. h3 Bh5 7. g4 Bg6 8.
Ne5 Nbd7 9. Nxg6 hxg6 10. g5 Nh5 11. Qf3 c6 12. Bc4 e6 13. Rf1 Qe7 14. Be3 Nb6
15. Bb3 Qc7 16. Ne4 O-O-O $2 17. Qxf7 Qxf7 18. Rxf7 Nd5 19. Bd2 Rd7 20. Rf3 Bd6
$2 21. Nxd6+ (21. c4 Nc7 22. Nxd6+ Rxd6 23. Be3 $16) 21... Rxd6 22. O-O-O Re8
23. c4 Ne7 24. Bb4 Rd7 $6 25. Bxe7 Rexe7 26. Bc2 e5 27. Bxg6 Nf4 28. Bf5 Ne6 $2
29. d5 (29. Re3) 29... Nxg5 30. Rg3 $1 Nf7 $2 31. dxc6 bxc6 32. Rxd7 1-0

[Event "WSTT 50+"]
[Site "?"]
[Date "2018.07.11"]
[Round "2.2"]
[White "Fletcher, John T"]
[Black "Matthias, Berndt"]
[Result "1-0"]
[WhiteElo "1943"]
[BlackElo "2077"]
[Annotator "Fletcher,John"]
[PlyCount "83"]

1. d4 d5 2. c4 dxc4 3. e4 c5 4. d5 Nf6 5. Nc3 e6 6. Bxc4 exd5 7. Nxd5 Nxd5 8.
Bxd5 Be7 9. Nf3 O-O 10. O-O Qc7 11. Qb3 Nc6 12. h3 b6 13. e5 $6 Bb7 14. Bf4 $4
Na5 15. Bxf7+ Rxf7 $4 (15... Kh8 16. Qe6 Bxf3 17. gxf3 Bh4 18. Bg3 Bxg3 19.
fxg3 Rxf7) 16. Qxf7+ Kxf7 17. e6+ Kxe6 18. Bxc7 Bxf3 19. Rfe1+ Kd7 20. gxf3 Nc6
21. Be5 Nxe5 22. Rxe5 Bf6 23. Rd1+ Kc7 24. Re2 Rf8 25. a4 Rf7 26. b3 Kc6 27.
Re6+ Kc7 28. Rd5 Bd4 29. Kg2 Bc3 30. h4 Kb7 31. Kg3 Kc7 32. f4 Kb7 33. h5 h6
34. f5 Kc7 35. Kf3 Bd4 36. Ke2 Kb7 37. f3 Ka6 38. Kd3 Ka5 39. Kc4 Rb7 40. b4+
Kxa4 41. bxc5 Bxc5 $6 42. Rxc5 1-0

[Event "WSTT 50+"]
[Site "?"]
[Date "2018.07.09"]
[Round "3.2"]
[White "Hoehn, Michael"]
[Black "Fletcher, John T"]
[Result "0-1"]
[WhiteElo "2053"]
[BlackElo "1943"]
[Annotator "Fletcher,John"]
[PlyCount "92"]

1. e4 c5 2. d4 cxd4 3. c3 Nf6 4. e5 Nd5 5. Bc4 Nb6 6. Bb3 d6 7. Nf3 e6 8. cxd4
Nc6 9. O-O dxe5 10. dxe5 Qxd1 11. Rxd1 Be7 12. Nc3 O-O 13. Bf4 Bd7 14. Be3 Rfd8
15. Bxb6 axb6 16. Na4 Ra6 17. Rac1 Be8 18. Rxd8 Bxd8 19. Nc3 Ra5 20. Ne4 Kf8
21. Nd6 Nxe5 22. Rc8 Nxf3+ 23. gxf3 Rg5+ 24. Kf1 Ke7 25. Nxb7 Bb5+ 26. Ke1 $2 (
26. Bc4 Bxc4+ 27. Rxc4 b5 $15) 26... Ba6 27. Rxd8 Bxb7 28. Rb8 Bxf3 29. Rxb6
Re5+ 30. Kd2 (30. Kf1 Be2+ 31. Ke1 Bg4+ 32. Kd2 $17) 30... Re2+ 31. Kc3 Rxf2
32. a4 $6 Rxh2 33. a5 g5 34. a6 Rh1 35. Ba4 g4 36. Rb7+ Kf6 $2 (36... Kf8 $19)
37. Be8 Rc1+ (37... h5 38. Rxf7+ Ke5 39. Bb5) 38. Kb4 Rc8 39. Rxf7+ Ke5 40. Bb5
h5 41. Ka5 $2 h4 42. Rh7 h3 43. Bd7 Rc7 44. Rh5+ Kd6 45. Bb5 Rc5 46. Rh8 Bc6
0-1

[Event "WSTT 65+"]
[Site "?"]
[Date "2018.07.11"]
[Round "5.1"]
[White "Jones, Iolo C."]
[Black "Jandke, Manfred"]
[Result "1/2-1/2"]
[WhiteElo "2175"]
[BlackElo "2040"]
[PlyCount "67"]

1. Nf3 d5 2. g3 Nf6 3. Bg2 e6 4. O-O Be7 5. d4 O-O 6. c4 dxc4 7. Ne5 Nc6 8.
Nxc6 bxc6 9. Bxc6 Rb8 10. Bg2 c5 11. dxc5 Bxc5 12. Qc2 Qc7 13. Nc3 Bb7 14. Bxb7
Rxb7 15. Bf4 Qc6 16. Qa4 Rc8 17. Qxc6 Rxc6 18. Rfd1 h6 19. Rab1 Bb4 20. Be3 Ra6
21. Bd4 Bxc3 22. bxc3 Rxb1 23. Rxb1 Rxa2 24. Rb8+ Kh7 25. Rb7 Kg6 26. Rxa7 Rxe2
27. Rc7 e5 28. Kf1 Rc2 29. Bxe5 Ng4 30. Bd4 Nxh2+ 31. Kg2 Ng4 32. Rxc4 f6 33.
Rc5 h5 34. Rb5 1/2-1/2

[Event "WSTT 65+"]
[Site "?"]
[Date "2018.07.11"]
[Round "5.2"]
[White "Brauer, Christian"]
[Black "Van Kemenade, Rudy"]
[Result "1/2-1/2"]
[WhiteElo "2111"]
[BlackElo "1948"]
[PlyCount "64"]

1. c4 e5 2. Nc3 Nc6 3. g3 f5 4. Bg2 Nf6 5. e3 g6 6. Nge2 Bg7 7. d3 d6 8. b3 O-O
9. Bb2 h5 10. h4 Ng4 11. Qd2 Bh6 12. Nd5 Ne7 13. f4 c6 14. Ndc3 Qb6 15. d4 e4
16. O-O Rd8 17. Bh3 Nf6 18. Rfd1 Bg7 19. Rac1 Qc7 20. b4 a5 21. b5 Be6 22. d5
Bf7 23. Na4 c5 24. b6 Qd7 25. Nec3 Ne8 26. Qc2 Ra6 27. Rb1 Rda8 28. Nb5 Bxb2
29. Qxb2 Nc8 30. Nbc3 Qd8 31. Rd2 Nf6 32. Rg2 Be8 1/2-1/2

[Event "WSTT 65+"]
[Site "?"]
[Date "2018.07.11"]
[Round "5.3"]
[White "Bevan, Peter M"]
[Black "Selig, Rainer"]
[Result "1/2-1/2"]
[WhiteElo "1883"]
[BlackElo "2030"]
[PlyCount "78"]

1. Nf3 f5 2. d3 d6 3. e4 e5 4. exf5 Bxf5 5. Bg5 Be7 6. Qd2 Nc6 7. Nc3 h6 8.
Bxe7 Ngxe7 9. d4 O-O 10. dxe5 dxe5 11. Bc4+ Kh8 12. O-O-O Qxd2+ 13. Rxd2 Bg4
14. Nd5 Bxf3 15. Nxe7 Nxe7 16. gxf3 Nf5 17. Rd7 Rac8 18. Re1 Nd6 19. Bd5 Rfe8
20. Rg1 Nf5 21. c3 Rcd8 22. Rxd8 Rxd8 23. Bxb7 g5 24. Rd1 Rxd1+ 25. Kxd1 Kg7
26. Kd2 Kf6 27. Kd3 Ke7 28. Bd5 Nd6 29. Bc6 Ke6 30. Be4 c5 31. b3 a5 32. c4 Kd7
33. Kc3 Kc7 34. a3 Kb6 35. b4 Ne8 36. b5 Nd6 37. Bd3 Kc7 38. Kd2 Ne8 39. Bg6
Nf6 1/2-1/2

[Event "WSTT 50+"]
[Site "?"]
[Date "2018.07.11"]
[Round "5.4"]
[White "Morcom, Huw"]
[Black "Eriksson, Urban"]
[Result "0-1"]
[WhiteElo "1921"]
[BlackElo "1875"]
[PlyCount "66"]

1. e4 e6 2. d3 d5 3. Nd2 Nf6 4. Ngf3 Bc5 5. e5 Nfd7 6. d4 Bb6 7. b4 a5 8. c3
axb4 9. cxb4 Nc6 10. Nb3 Nxb4 11. a3 Na6 12. Bd3 c5 13. dxc5 Naxc5 14. Nxc5
Nxc5 15. O-O Nxd3 16. Qxd3 h6 17. Rb1 Bd7 18. Be3 Bxe3 19. fxe3 Bc6 20. Nd4 O-O
21. Rfc1 Qe7 22. Rc3 f6 23. Nf3 fxe5 24. Nxe5 Qf6 25. Nf3 e5 26. Qd2 Rad8 27.
Rcc1 d4 28. Rf1 dxe3 29. Qxe3 e4 30. Nd2 Qd4 31. Rxf8+ Kxf8 32. Qxd4 Rxd4 33.
Nb3 Rd3 0-1

[Event "WSTT 65+"]
[Site "?"]
[Date "2018.07.11"]
[Round "5.4"]
[White "Byhan, Gert"]
[Black "James, Dai"]
[Result "1/2-1/2"]
[WhiteElo "1979"]
[BlackElo "1832"]
[PlyCount "64"]

1. e4 e5 2. Nf3 Nc6 3. d4 exd4 4. Nxd4 Qf6 5. Nb3 Bb4+ 6. c3 Be7 7. Be2 Qg6 8.
O-O Nf6 9. f3 h5 10. Nd4 h4 11. Nxc6 dxc6 12. Kh1 Nh5 13. Be3 Ng3+ 14. Kg1 Nxf1
15. Qxf1 f5 16. Nd2 Be6 17. Qf2 O-O-O 18. e5 Qf7 19. f4 Rhg8 20. Nf3 h3 21. g3
Bc4 22. Bd1 Bd5 23. Be2 Bc4 24. Bd1 Bd5 25. Be2 Bxf3 26. Bxf3 g5 27. Bd1 gxf4
28. Bxf4 Qd5 29. Bb3 Qe4 30. Re1 Bc5 31. Be3 Bxe3 32. Rxe3 Qg4 1/2-1/2

[Event "WSTT 65+"]
[Site "?"]
[Date "2018.07.12"]
[Round "6.1"]
[White "Quinn, John M"]
[Black "Jones, Iolo C."]
[Result "1/2-1/2"]
[WhiteElo "2162"]
[BlackElo "2175"]
[PlyCount "36"]

1. d4 Nf6 2. c4 e6 3. Nf3 Bb4+ 4. Bd2 Qe7 5. g3 O-O 6. Bg2 Bxd2+ 7. Nbxd2 d6 8.
O-O e5 9. e4 a5 10. Qc2 c5 11. d5 Na6 12. Nh4 g6 13. Qc3 Nc7 14. a4 Bd7 15. b3
b6 16. Rae1 Nh5 17. f4 f6 18. fxe5 fxe5 1/2-1/2

[Event "WSTT 65+"]
[Site "?"]
[Date "2018.07.12"]
[Round "6.2"]
[White "Thornton, John D"]
[Black "James, Geoffrey H"]
[Result "1/2-1/2"]
[WhiteElo "2080"]
[BlackElo "2163"]
[Annotator "Thornton,John"]
[PlyCount "85"]

1. e4 e5 2. Nf3 Nc6 3. Bb5 a6 4. Ba4 d6 5. c4 Bd7 6. O-O g6 7. d4 Bg7 8. Bxc6
Bxc6 9. dxe5 dxe5 10. Nc3 Ne7 11. Qc2 O-O 12. a4 (12. Be3 $142 b6 13. Rad1)
12... Qc8 13. Be3 a5 14. Bc5 Re8 15. Nd5 Nxd5 16. cxd5 Bd7 17. Rfd1 Bg4 18. Rd3
Bh6 19. Nd2 Be2 20. Rc3 Qd8 21. Be3 Bxe3 22. Rxe3 Ba6 23. Nb3 b6 24. Rc1 Rc8
25. Rc3 Qg5 26. Qd2 Qd8 27. Qh6 f6 28. Nd2 Re7 29. Nf1 Rd7 30. Ne3 Rd6 31. h4
Rd7 32. h5 Qf8 33. Qxf8+ Kxf8 34. hxg6 (34. Ng4 Rf7 35. Rc6 Bb7 36. Re6) 34...
hxg6 35. Nc4 (35. Ng4 Kg7 36. Rc6 Rf7 37. d6 Bb7 38. Rxc7 Rfxc7 39. Rxc7+ Rxc7
40. dxc7 Kf7 41. f3 Ke6 42. Kf2 Ba6 43. Ke1 f5 44. exf5+ gxf5 45. Ne3 Kd6 46.
Nxf5+ Kxc7 47. Kd2) (35. Rc6 Rf7 36. d6 Bb7 37. Nd5 Bxc6 38. Rxc6 f5 39. exf5
gxf5 40. Nxb6 Rb8 41. dxc7 Rxc7 42. Rxc7 Rxb6 43. Rc5 Rxb2 44. Rxe5) 35... Bxc4
36. Rxc4 c5 37. dxc6 Rdc7 38. g3 Ke7 39. f4 Kd6 40. Rd1+ Ke6 41. Rdc1 Kd6 42.
Rd1+ Ke6 43. Rdc1 1/2-1/2

[Event "WSTT 65+"]
[Site "?"]
[Date "2018.07.12"]
[Round "6.3"]
[White "Baruch, Andrew J D"]
[Black "Bevan, Peter M"]
[Result "1-0"]
[WhiteElo "2042"]
[BlackElo "1883"]
[PlyCount "85"]

1. g3 e5 2. Nf3 d6 3. d3 Nf6 4. Bg2 c6 5. c4 Nbd7 6. Nc3 Be7 7. O-O O-O 8. Rb1
a5 9. a3 d5 10. e3 dxc4 11. dxc4 Qc7 12. Qc2 b5 13. cxb5 cxb5 14. Qe2 b4 15.
Nb5 Qb8 16. a4 Bb7 17. b3 Be4 18. Rb2 Nc5 19. Rd1 Bd5 20. Nd2 e4 21. Nc4 Rd8
22. Nd4 Qb7 23. Rc2 Nd3 24. Bh3 g6 25. Bb2 Ra6 26. Ba1 Nd7 27. f4 f5 28. g4
fxg4 29. Bxg4 Nf6 30. Bh3 Bf7 31. Ne5 Nxe5 32. fxe5 Nd5 33. Nb5 Nc3 34. Rxd8+
Bxd8 35. Bxc3 bxc3 36. Rxc3 Qe7 37. Rc8 Qg5+ 38. Kf1 Kg7 39. Nd6 Rb6 40. Nxf7
Kxf7 41. Qd2 Be7 42. Qd4 Kg7 43. Qxb6 1-0

[Event "WSTT 65+"]
[Site "?"]
[Date "2018.07.12"]
[Round "6.4"]
[White "James, Dai"]
[Black "Farrand, Julian T"]
[Result "1/2-1/2"]
[WhiteElo "1965"]
[BlackElo "1832"]
[Annotator "Thornton,John"]
[PlyCount "79"]

1. e4 Nc6 2. Nc3 e6 3. d4 d5 4. e5 Nge7 5. f4 Nf5 6. Nf3 Be7 7. Be2 Bd7 8. a3
Na5 9. g4 Nh4 10. O-O Nxf3+ 11. Bxf3 c5 12. b4 $6 cxb4 13. axb4 Bxb4 14. Ne2
Nc4 15. c3 Be7 16. Ng3 g6 17. f5 Bg5 18. Qe2 $2 (18. fxe6 $142) 18... Bxc1 19.
Raxc1 Qg5 20. fxe6 Bxe6 21. Qa2 O-O 22. Rce1 Nd2 23. Rf2 Nxf3+ 24. Rxf3 Bxg4
25. Qxd5 Bxf3 26. Qxf3 a5 27. Kh1 a4 28. Ne4 Qe7 29. Qf4 Kg7 30. Nf6 Ra6 31.
Rf1 h6 32. d5 Qd8 (32... a3 $19) 33. Qd4 Rxf6 34. Rxf6 Re8 35. Rd6 Qg5 36. e6+
Kg8 37. Qxa4 Qc1+ 38. Kg2 Qd2+ 39. Kf1 Qd3+ (39... Rf8 $3 40. e7 Qd3+ 41. Kf2
Qf5+ 42. Kg2 Qg5+ 43. Kf3 Qxe7 $19) 40. Kg1 1/2-1/2

[Event "WSTT 65+"]
[Site "?"]
[Date "2018.07.13"]
[Round "7.2"]
[White "Sager, Bernd"]
[Black "Thornton, John D"]
[Result "1/2-1/2"]
[WhiteElo "1921"]
[BlackElo "2080"]
[Annotator "John D"]
[PlyCount "42"]

1. d4 Nf6 2. Nf3 g6 3. g3 Bg7 4. Bg2 O-O 5. O-O d6 6. c4 c6 7. Nc3 a6 8. Qc2 b5
9. Nd2 Qb6 10. e3 Bb7 (10... Be6) 11. Rb1 (11. b4) 11... Nbd7 12. b3 (12. b4)
12... e5 13. dxe5 dxe5 (13... Nxe5) 14. Rd1 Rfd8 15. Bb2 (15. Ba3 c5 (15... b4
16. Na4) 16. Nd5 $16) 15... Nc5 16. Ba1 b4 17. Na4 Nxa4 18. bxa4 Nd7 19. Nb3 c5
20. Bd5 (20. Bxb7 Qxb7 21. Rd5 Re8 22. Rbd1 Nb6 23. Rxc5 Nxa4 24. Rcd5) (20. a5
Qa7 21. Bxb7 Qxb7 22. Rd5 Rdc8 $16) 20... Rac8 21. Bxb7 Qxb7 (21... Qxb7 22.
Rd5 Re8 $14) 1/2-1/2

[Event "WSTT 65+"]
[Site "?"]
[Date "2018.07.13"]
[Round "7.1"]
[White "Jones, Iolo C."]
[Black "Luethke, Hans-Eckart"]
[Result "1-0"]
[WhiteElo "2175"]
[BlackElo "2120"]
[Annotator "Thornton,John"]
[PlyCount "59"]

1. d4 Nf6 2. Nf3 e6 3. c4 d5 4. Nc3 Be7 5. e3 O-O 6. Bd3 dxc4 7. Bxc4 a6 8. a4
c5 9. O-O Nc6 10. dxc5 Bxc5 11. Qe2 Qe7 12. e4 Nd7 13. Bf4 Qf6 14. Be3 Bxe3 15.
Qxe3 Nde5 16. Nxe5 Nxe5 17. Be2 Qe7 18. f4 Nd7 (18... Ng6 $142) 19. Rfd1 b6 20.
e5 Qc5 21. Qxc5 bxc5 22. a5 f6 $2 (22... Rb8 $16) 23. Bc4 Re8 24. Ne4 fxe5 $2
25. Nd6 Re7 26. Nxc8 Rxc8 27. Rxd7 Rxd7 28. Bxe6+ Kf8 29. Bxd7 Rc7 30. Be6 1-0

[Event "WSTT 65+"]
[Site "?"]
[Date "2018.07.14"]
[Round "8.1"]
[White "Ehlert, Joachim"]
[Black "Jones, Iolo C"]
[Result "0-1"]
[WhiteElo "1954"]
[BlackElo "2175"]
[Annotator "Thornton,John"]
[PlyCount "86"]
[EventDate "2018.??.??"]

1. e4 e5 2. Nf3 Nf6 3. Nxe5 d6 4. Nf3 Nxe4 5. d3 Nf6 6. d4 d5 7. Bd3 Bd6 8. O-O
O-O 9. h3 Nc6 10. c3 Ne7 11. b3 Ng6 12. c4 c6 13. Nc3 Nf4 14. Ne2 Nxd3 15. Qxd3
Re8 16. Bf4 h6 17. Bxd6 Qxd6 18. Ng3 Bd7 19. Rfe1 (19. c5 $14) 19... Rxe1+ 20.
Rxe1 Re8 21. Rxe8+ Nxe8 22. Ne5 Be6 23. c5 Qd8 24. f4 Qh4 25. f5 (25. Qe3)
25... Bc8 26. Kh2 $2 (26. Kf2 Bxf5 27. Qxf5 Qxd4+ $11) 26... Qf4 27. Qf3 $2 (
27. Ng4 $1 h5 28. Qe3 $11) 27... Qxd4 $19 28. Qe2 Nf6 29. Nd3 Kf8 30. b4 Ne4
31. Qf3 Nf6 32. a3 h5 $2 33. Nxh5 Nxh5 34. Qxh5 Kg8 35. Qf3 Qe4 36. f6 Bf5 37.
Nf2 $2 (37. Qxe4 Bxe4 38. Nf2 $11) 37... Qe5+ 38. g3 Qxf6 39. Qe3 Be6 40. g4 d4
41. Qg3 Bd5 42. Nd3 Qf1 43. Nf2 d3 0-1

[Event "WSTT 65+"]
[Site "?"]
[Date "2018.07.14"]
[Round "8.2"]
[White "Thornton, John D"]
[Black "Francke, Dirk"]
[Result "1/2-1/2"]
[WhiteElo "2080"]
[BlackElo "1982"]
[Annotator "Thornton,John"]
[PlyCount "48"]

1. e4 c5 2. Nf3 Nc6 3. d4 cxd4 4. Nxd4 d6 5. Nc3 Qb6 6. Nb3 g6 7. Be2 Bg7 8.
Be3 Bxc3+ 9. bxc3 Qc7 10. O-O Nf6 11. f3 O-O 12. Qe1 Na5 13. Kh1 Nc4 14. Bh6 (
14. Bg5 $142) 14... Re8 15. Bd3 $6 (15. Nd4) 15... Bd7 16. Nd4 Rac8 17. Rb1 a6
18. Bg5 Kg7 19. Qh4 Ng8 20. Qf2 f6 $6 (20... b5 21. f4 f6 $15) 21. Bc1 e5 22.
Bxc4 exd4 (22... Qxc4 23. Rxb7 Re7 $11) 23. Bxg8 (23. Bd5 $16 b5 24. c4) 23...
Kxg8 24. Qxd4 Bb5 (24... Qxc3 $142) (24... Bb5 25. Rd1 $16 Qxc3 (25... Qf7 26.
Rb4 Rc6 27. a4 Be2 28. Re1 Bc4 $14) 26. Qd5+ Kg7 27. Qxb7+ Rc7 28. Qd5 Qxc2 29.
Bb2 Qc4 30. Qxd6) 1/2-1/2

[Event "WSTT 65+"]
[Site "?"]
[Date "2018.07.14"]
[Round "8.3"]
[White "Foerster, Juergen"]
[Black "Van Kemenade, Rudy"]
[Result "0-1"]
[WhiteElo "1755"]
[BlackElo "1948"]
[PlyCount "28"]
[EventDate "2018.??.??"]

1. d4 Nf6 2. Bf4 g6 3. h3 Bg7 4. Nf3 d6 5. e3 O-O 6. Bd3 Nc6 7. a3 h6 8. O-O
Qe8 9. Nbd2 e5 10. dxe5 dxe5 11. Bg3 e4 12. Nxe4 Nxe4 13. Bxc7 Bxb2 14. Rb1 Nc3
0-1

[Event "WSTT 65+"]
[Site "?"]
[Date "2018.07.14"]
[Round "8.4"]
[White "Bevan, Peter M"]
[Black "Gafke, Manfred"]
[Result "1/2-1/2"]
[WhiteElo "1883"]
[BlackElo "1829"]
[Annotator "Thornton,John"]
[PlyCount "88"]
[EventDate "2018.??.??"]

1. Nf3 Nf6 2. g3 d5 3. Bg2 c6 4. b3 Nbd7 5. Bb2 Qc7 6. d4 Ne4 7. O-O Ndf6 8.
Ne5 h6 9. f3 Nd6 10. Qd2 Bf5 11. c4 e6 12. c5 Nc8 13. Qc3 Ne7 14. Nd2 Bh7 15.
e4 Ng6 16. Nd3 dxe4 17. fxe4 Be7 18. Nc4 O-O 19. b4 Qd7 20. Rad1 Rfd8 21. Nd6
Bxd6 22. cxd6 Qxd6 23. e5 Nd5 24. exd6 Nxc3 25. Bxc3 Rxd6 26. Ne5 Nxe5 27. dxe5
Rdd8 28. Bd4 a5 29. bxa5 Rxa5 30. Bb6 Rxd1 31. Rxd1 Ra8 32. Rd7 Bb1 33. Rxb7
Rxa2 34. Bxc6 Re2 35. Bc7 Re1+ 36. Kf2 Rc1 37. Rb8+ Kh7 38. Rxb1 Rc2+ 39. Ke3
Rxc6 40. Bd6 Rc3+ 41. Kd2 Rf3 42. Ke2 (42. Rb2 $18 Rf2+ 43. Kc3 Rf1 44. Kc4 Kg6
45. Re2 h5 46. Kb5 Rc1 47. Bf8 Rc8 48. Bc5 Kf5 49. Be7 Kg6 50. Rf2 Rc1 51. Ba3
Re1 52. Bb2 {[%eval 185,19]} Re4 53. Kc6 h4 54. gxh4 Rxh4 55. Kd6 Rb4 56. Bc3
Rb3 57. Rf3 Ra3 58. Kc5 Ra2 59. Rg3+ Kh7 60. h3 Ra3 61. Rf3 Kg6 62. Kd6 Kh5 63.
Ke7 g5 64. Kxf7 g4 65. hxg4+ Kxg4 {[%eval 180,23] Komodo 12 64-bit:}) 42... Rc3
43. Bb4 Rc2+ 44. Bd2 Rc5 1/2-1/2

[Event "WSTT 65+"]
[Site "?"]
[Date "2018.07.15"]
[Round "9.1"]
[White "Jones, Iolo C."]
[Black "Giulian, Philip"]
[Result "1/2-1/2"]
[WhiteElo "2175"]
[BlackElo "2149"]
[PlyCount "25"]

1. Nf3 d6 2. Nc3 g6 3. d4 Bg7 4. e4 Nf6 5. Be2 O-O 6. O-O a6 7. a4 Nc6 8. Bg5
h6 9. Be3 e5 10. dxe5 dxe5 11. Bc5 Re8 12. Qxd8 Rxd8 13. Rfd1 1/2-1/2

[Event "WSTT 65+"]
[Site "?"]
[Date "2018.07.15"]
[Round "9.2"]
[White "White, Alastar F"]
[Black "Thornton, John D"]
[Result "1/2-1/2"]
[WhiteElo "2081"]
[BlackElo "2080"]
[PlyCount "31"]

1. Nf3 Nf6 2. c4 g6 3. b3 Bg7 4. Bb2 d6 5. e3 O-O 6. Be2 e5 7. d3 Re8 8. O-O
Nbd7 9. Nc3 Nf8 10. Qc2 h5 11. Nd5 N8h7 12. Nd2 c6 13. Nxf6+ Nxf6 14. Ne4 Be6
15. Ba3 c5 16. Bf3 1/2-1/2

[Event "WSTT 65+"]
[Site "?"]
[Date "2018.07.15"]
[Round "9.3"]
[White "Van Kemenade, Rudy"]
[Black "Borwell, Alan P"]
[Result "1-0"]
[WhiteElo "1948"]
[BlackElo "1934"]
[Annotator "Thornton,John"]
[PlyCount "71"]

1. e4 c5 2. Nf3 d6 3. Bb5+ Nd7 4. O-O Ngf6 5. Re1 e6 6. c3 Be7 7. d4 a6 8. Bf1
cxd4 9. cxd4 O-O 10. a4 b6 11. Nc3 Bb7 12. h3 Rc8 13. Bf4 Ne8 14. Bd3 g6 15.
Qe2 Ra8 16. Red1 Ng7 17. Rac1 Re8 18. Bb1 Nf6 19. Ba2 Qd7 (19... d5) 20. e5 $6
(20. Bb1 {[%cal Gb1d3]}) 20... Nfh5 $2 (20... Nd5 $11) 21. Bh2 Nf5 $2 22. d5 $1
Nhg7 23. g4 Nh4 24. Nxh4 (24. exd6 $142) 24... Bxh4 25. dxe6 Nxe6 26. Rxd6 Qe7
(26... Qc7) 27. Nd5 Bxd5 28. Bxd5 Rac8 29. Rxc8 Rxc8 30. Bxe6 Rc1+ 31. Kg2 fxe6
32. Rxb6 Qc5 33. Rb8+ Kg7 34. Rb7+ Be7 $4 (34... Kg8 $142) 35. Qf3 Rc2 36. Qf6+
1-0

[Event "WSTT 65+"]
[Site "?"]
[Date "2018.07.15"]
[Round "9.4"]
[White "Bhopal, Raj"]
[Black "Bevan, Peter M"]
[Result "1/2-1/2"]
[WhiteElo "1906"]
[BlackElo "1883"]
[Annotator "Thornton,John"]
[PlyCount "108"]

1. e4 d5 2. exd5 Qxd5 3. Nc3 Qd8 4. Bc4 c6 5. Nf3 Bf5 6. O-O e6 7. d4 Nf6 8.
Re1 Be7 9. Bg5 O-O 10. Qe2 Nd5 11. Bxe7 Nxc3 12. Bxd8 (12. Qe5 $5 Qxe7 13. Qxf5
) 12... Nxe2+ 13. Rxe2 Rxd8 14. h3 h6 15. c3 Nd7 16. Nh4 Bh7 17. f4 Nb6 18. Bb3
Nd5 19. Rf2 a5 20. a3 a4 21. Ba2 Ne7 22. Re1 Ra5 23. g4 g5 $6 (23... c5) 24.
Ng2 (24. fxg5 $142 hxg5 25. Nf3) 24... gxf4 (24... Nc8 $142) 25. Nxf4 $14 Nd5
26. Nh5 Bg6 27. Re5 Raa8 28. c4 $5 (28. Bxd5 cxd5 29. Nf6+ $16) 28... Nc7 29.
Nf6+ Kg7 30. Rf4 b5 31. c5 $6 $15 Ne8 $6 32. Nxe8+ Rxe8 33. Kg2 Rh8 34. h4 h5
35. g5 Rab8 36. Re3 Rhd8 37. Kg3 b4 (37... Rb7 {[%cal Gb7d7]}) 38. Bc4 bxa3 39.
bxa3 Rb2 40. Re2 Rxe2 $2 (40... Rb1 $17) 41. Bxe2 $14 e5 42. dxe5 Re8 43. Bf3
Rxe5 44. Bxc6 Rxc5 45. Bxa4 Rc3+ 46. Rf3 Rc4 47. Bd7 Rd4 48. Bh3 Bc2 49. Bf5
Bxf5 50. Rxf5 Rd3+ 51. Rf3 Rd4 52. Rb3 Rc4 53. Kh3 Rd4 54. Re3 Ra4 1/2-1/2